| Поле | Название | Значение |
| |
Тип записи |
a |
| |
Библиографический уровень |
m |
| 001 |
Контрольный номер |
LIBNET\0000900478 |
| 005 |
Дата корректировки |
20191223123902.5 |
| 010 |
Индекс ISBN |
__ |
| a |
ISBN |
978-5-6040248-1-2 |
| d |
Цена |
238-41 |
| 035 |
Другие системные номера |
__ |
| a |
Идентификатор записи |
RU\SurGU\books\139206 |
| 035 |
Другие системные номера |
__ |
| a |
Идентификатор записи |
RU\SurGU\books\139232 |
| 100 |
Данные общей обработки |
__ |
| a |
Данные общей обработки |
20180607d2017 k y0rusy0189 ca |
| 101 |
Язык документа |
0_ |
| a |
Язык текста |
rus |
| 102 |
Страна публикации |
__ |
| a |
Страна публикации |
RU |
| 105 |
Кодированные данные (монография) |
__ |
| a |
Кодированные данные (монография) |
a z 001zy |
| 200 |
Заглавие и сведения об ответственности |
1_ |
| a |
Заглавие |
Оценка и коррекция вертикальной устойчивости человека |
| e |
Сведения, относящиеся к заглавию |
монография |
| f |
Первые сведения об ответственности |
С. И. Логинов, А. С. Кинтюхин |
| 210 |
Выходные данные |
1_ |
| a |
Место издания |
Сургут |
| c |
Издательство |
Печатный мир г. Сургут |
| d |
Дата издания |
2017 |
| 215 |
Физическое описание |
__ |
| a |
Объем |
119 с. |
| c |
Иллюстрации/тип воспроизводства |
ил. |
| 225 |
Серия (Журнальная рубрика) |
2_ |
| a |
Серия (Журнальная рубрика) |
Серия "25 лет СурГУ" |
| 300 |
Общие примечания |
__ |
| a |
Общие примечания |
На обложке: 25 - Сургутский государственный университет |
| 320 |
Библиография |
__ |
| a |
Библиография |
Библиография: с. 83-107 |
| 330 |
Аннотация |
__ |
| a |
Аннотация |
В монографии приведены результаты, основанные на исследованиях, полученных с помощью метода стабилометрии и изучении постуральной устойчивости и влияния физических нагрузок на организм женщин в условиях Югорского Севера (Среднего Приобья). При проведении наблюдений использованы современные стандартизированные методики. Монография предназначена для учёных, аспирантов, преподавателей, тренеров, студентов и всех интересующихся проблемами адаптации организма человека к физическим нагрузкам и повышения постуральной устойчивости человека с помощью внешних управляющих воздействий в условиях Севера в процессе трудовой и спортивной деятельности, а также в качестве реабилиатационных мероприятий. |
| 606 |
Тематические рубрики |
1_ |
| 2 |
Код системы |
nlr_sh1 |
| 3 |
Контрольный № нормативной записи |
RU\NLR\AUTH\66962545 |
| a |
Основная рубрика |
Физическая культура и спорт |
| 606 |
Тематические рубрики |
__ |
| a |
Основная рубрика |
Медико-биологические основы физического воспитания |
| y |
Географическая подрубрика |
Среднее Приобье |
| y |
Географическая подрубрика |
Западная Сибирь |
| 606 |
Тематические рубрики |
__ |
| a |
Основная рубрика |
Биология |
| 606 |
Тематические рубрики |
__ |
| a |
Основная рубрика |
Биохимия человека |
| 610 |
Ключевые слова |
1_ |
| a |
Ключевые слова |
биофизика |
| a |
Ключевые слова |
краеведение |
| a |
Ключевые слова |
труды СурГУ |
| a |
Ключевые слова |
равновесие тела |
| 610 |
Ключевые слова |
1_ |
| a |
Ключевые слова |
вертикальная устойчивость |
| 610 |
Ключевые слова |
1_ |
| a |
Ключевые слова |
кинезиологический потенциал человека |
| 610 |
Ключевые слова |
1_ |
| a |
Ключевые слова |
биомеханика |
| 610 |
Ключевые слова |
1_ |
| a |
Ключевые слова |
физическое развитие женщин |
| 610 |
Ключевые слова |
1_ |
| a |
Ключевые слова |
локомоторная активность |
| 610 |
Ключевые слова |
1_ |
| a |
Ключевые слова |
постуральная устойчивость |
| 610 |
Ключевые слова |
1_ |
| a |
Ключевые слова |
физическая нагрузка женщин |
| 610 |
Ключевые слова |
1_ |
| a |
Ключевые слова |
возрастные изменения женщин |
| 686 |
Индексы других классификаций |
__ |
| a |
Индекс ББК |
к75.0(253.3) |
| 686 |
Индексы других классификаций |
__ |
| a |
Индекс ББК |
к28.707.2 |
| 700 |
Автор |
_1 |
| 3 |
Контрольный № нормативной записи |
LIBNET\UAF\0000076096 |
| a |
Фамилия |
Логинов |
| b |
Имя |
С. И. |
| c |
Титул (звания) |
доктор биологических наук |
| f |
Даты |
1946- |
| g |
Полное личное имя |
Сергей Иванович |
| 4 |
Код отношения |
070 |
| 701 |
Альтернативная интеллектуальная ответственность (другие авторы) |
_1 |
| 3 |
Контрольный № нормативной записи |
LIBNET\UAF\0000076097 |
| a |
Фамилия |
Кинтюхин |
| b |
Имя |
А. С. |
| f |
Даты |
1984- |
| g |
Полное личное имя |
Антон Сергеевич |
| 4 |
Код отношения |
070 |
| 801 |
Источник записи |
_0 |
| a |
Страна |
RU |
| b |
Организация |
НБ Сургутского ГУ |
| c |
Дата составления |
20180618 |
| g |
Правила каталогизации |
RCR |
| 801 |
Источник записи |
_1 |
| a |
Страна |
RU |
| b |
Организация |
НБ Сургутского ГУ |
| c |
Дата составления |
20180703 |
| 2 |
Код формата |
rusmarc |
| 801 |
Источник записи |
_2 |
| a |
Страна |
RU |
| b |
Организация |
Центральная районная библиотека им. Г. А. Пирожникова |
| c |
Дата составления |
20181009 |
| 852 |
Данные о местонахождении |
__ |
| j |
Шифр хранения |
75.0(253.3) |
| i |
Авторский знак |
Л 694 |
| 901 |
Тип документа |
__ |
| t |
Тип документа |
m |
| 902 |
Роль лиц |
__ |
| b |
Редактор БЗ |
ОКиОЛ/Струналь |